000 00617nam a2200229Ia 4500
003 OSt
005 20250210142551.0
008 210210b1961 xxu||||| |||| 00| 0 eng d
040 _cAL
041 _aHindi
082 _a869/75
100 _aGUPTA (Manmathnath)
_9192254
110 _b गुप्ता मन्मथन
_9198736
245 _aDekh kabira roya
_bदेख कबीरा रोया
260 _aDelhi
_bRajpal & Sons
_c1961
650 _aroya
_9192255
650 _akabira
_9192256
650 _aDekh
_9192257
690 _aHindi Fiction
_9192258
906 _a023874
942 _2ddc
_cBK
999 _c148838
_d148838